| 000 | 00651nam a2200241Ia 4500 | ||
|---|---|---|---|
| 008 | 160901s9999 xx 000 0 und d | ||
| 020 | _a0-07-223229-3 | ||
| 050 | _aComSc QA 76.9 | ||
| 050 | _b.D3C76 2004 | ||
| 100 | _aCronan, John. | ||
| 245 | _aMicrosoft Office Access 2003 / | ||
| 245 | _cJohn Cronan, Virginia Andersen, Brenda Bryant Anderson. | ||
| 260 | _aNew York : | ||
| 260 | _bMcGraw-Hill., | ||
| 260 | _c2004 | ||
| 300 | _a227 pages : | ||
| 300 | _bcol. ill. ; | ||
| 300 | _c20 cm. | ||
| 440 | _aQuickSteps | ||
| 500 | _aIncludes index. | ||
| 650 | _aMicorsoft Access (Computer file). | ||
| 650 | _xDatabase management. | ||
| 999 |
_c300852 _d300852 |
||